| 000 | 01909nam a2200529Ii 4500 | ||
|---|---|---|---|
| 001 | DIGSIRLA0857 | ||
| 003 | NyNyDIG | ||
| 006 | m o d | ||
| 007 | cr ||||||||||| | ||
| 008 | 230511s2021 sp o 000 0aspa d | ||
| 035 | _a(OCoLC)1337068694 | ||
| 040 |
_aDGITA _beng _erda _epn _cDGITA |
||
| 020 |
_a9788418859465 _qeBook |
||
| 020 | _z9788418859038 | ||
| 041 | 1 |
_aspa _hita |
|
| 043 |
_ae-lv--- _ae-it--- |
||
| 050 | 1 | 4 | _aPQ4870.A7 ebook |
| 082 | 0 | 4 |
_a858.914 _223 |
| 100 | 1 |
_aJarre, Marina, _d1925- _eauthor. |
|
| 240 | 1 | 0 |
_aPadri lontani. _lSpanish _s(Zarco) |
| 245 | 1 | 4 |
_aLos padres lejanos / _cMarina Jarre ; traducción del italiano de Natalia Zarco. |
| 250 | _aEdición en formato digital. | ||
| 264 | 1 |
_aMadrid : _bSiruela, _c[2021] |
|
| 300 | _a1 online resource. | ||
| 336 |
_atext _btxt _2rdacontent |
||
| 337 |
_acomputer _bc _2rdamedia |
||
| 338 |
_aonline resource _bcr _2rdacarrier |
||
| 347 |
_atext file _2rdaft |
||
| 347 | _bEPUB | ||
| 490 | 1 | _aNuevos tiempos | |
| 588 | 0 | _aOnline resource; title from ePub title page (Digitalia, viewed May 11, 2023) | |
| 600 | 1 | 0 |
_aJarre, Marina, _d1925- |
| 651 | 0 |
_aLatvia _xSocial life and customs. |
|
| 651 | 0 |
_aLatvians _zItaly _vBiography. |
|
| 650 | 0 |
_aLatvia _xSocial life and customs. |
|
| 655 | 7 |
_aAutobiographies. _2lcgft |
|
| 655 | 7 |
_aBiographies. _2lcgft |
|
| 700 | 1 |
_aZarco, Natalia, _etranslator. |
|
| 700 | 1 |
_iTranslation of: _aJarre, Marina, _d1925- _tPadri lontani. |
|
| 791 | 2 |
_aDigitalia (Firm), _edistributor. |
|
| 793 | 0 |
_gDigitalia eBook Collection: _aSiruela |
|
| 776 | 0 | 8 |
_iPrint version: _aJarre, Marina, 1925- _sPadri lontani. Spanish (Zarco). _tPadres lejanos. _dMadrid : Siruela, [2021] _z9788418859038 |
| 830 | 0 |
_aNuevos tiempos (Madrid, Spain) : _v481. |
|
| 856 | 4 | 0 |
_3Digitalia Hispánica _uhttps://www.digitaliapublishing.com/a/123663/ |
| 910 | _aPremium collection: 2023 | ||
| 942 | _cRAA | ||
| 999 |
_c276400 _d276400 |
||